000 01080nam a2200301 i 4500
001 768714001
003 CO-MdFUSB
005 20220630154107.0
007 ta
008 220219t1992 ck d|||| |||| 00| 0 spa d
020 _a[No incluye ISBN]
040 _aCO-MdFUSB
_bspa
_cCO-MdFUSB
_dCO-MdFUSBC
_erda
041 _aspa
082 _223
_a228.07
_bP337
100 _aPavasars, Viesturs B.,
_eautor
245 1 3 _aLa obra presente y futura de Dios :
_bestudio del libro de Apocalipsis
_c/ Viesturs Pavasars B.
264 1 _aSantafé de Bogotá, Colombia :
_bSELITE,
_c[1992]
264 4 _c© 1992
300 _a64 páginas
_c; 33 cm
336 _2rdacontent
_atexto
_btxt
337 _2rdamedia
_asin mediación
_bn
338 _2rdacarrier
_avolumen
_bnc
505 _aLa comunicación de Dios. -- Cristo y la iglesia. -- La visión del cielo. -- La revelación terrenal. -- El juicio presente de Dios. -- El juicio final. -- La nueva creación.
563 _aRústico
630 0 7 _aBiblia.
_pApocalipsis
_xCrítica, interpretación, etc
942 _cBK
945 _aJTF-925
999 _c67273
_d67273